000 00375nam a2200157Ia 4500
008 230718s9999 xx 000 0 und d
041 _aeng
082 _a155.64
_bKHE
100 _aKhera S.
_9106205
245 _aYou Can Win
260 _c2002
_bMacmillan
300 _a290
365 _cRs.
_b325.00
700 _aKhera S.
_9106205
906 _dB:119330-Aug-2005
_cOTH
_b65
999 _c310237
_d310237